00688 a2200193 450000100060000002000150000604000220002110000210004324000270006424500220009130000090011336200090012265000230013194200070015495201140016195201010027595201010037699900170047764147 a8516093440 cAnchieta - Pituba aDreguer, Ricardo10aO homem-pássarolpor10aO homem-pássaro a48p.0 a2014 4aLiteratura juvenil cBK 00104070a91.1b91.1d2023-11-21l0oLJ 028.5 D771h DRE HOMp17777/PITr2023-11-21 18:32:34w2023-11-21yBK 00102ddc4070a57.2b57.2d2024-07-16l0pfm393r2024-07-16 13:15:23w2024-07-16yBKzFD2/EMu 00102ddc4070a57.2b57.2d2024-07-16l0pfm394r2024-07-16 14:03:11w2024-07-16yBKzFD2/EMu c64147d64147